[Event "XX C.to Mondiale Seniores"]
[Site "Arco ITA"]
[Date "2010.10.28"]
[Round "3"]
[White "Lederman, Leon"]
[Black "Suba, Mihai"]
[WhiteElo "2255"]
[BlackElo "2464"]
[Result "0-1"]
[PlyCount "110"]
[EventDate "2010.10.26"]

1. e4 c5 2. Nf3 d6 3. d4 Nf6 4. Nc3 cxd4 5. Nxd4 e6 6. f4 a6 7. Bd3 b5 8. O-O
Bb7 9. a3 Nbd7 10. Nf3 Be7 11. Qe1 Nc5 12. b4 Nxd3 13. cxd3 O-O 14. h3 Rc8 15.
Be3 d5 16. e5 d4 17. Nxd4 Nd5 18. Ne4 Nxe3 19. Qxe3 Qd5 20. Rfc1 a5 21. bxa5
Rfd8 22. Rxc8 Rxc8 23. Nf3 h6 24. Kh2 Rc2 25. Qd4 Qb3 26. Nfd2 Qb2 27. Qxb2
Rxb2 28. Rc1 Bd8 29. Rb1 Rxb1 30. Nxb1 Bxa5 31. Nbc3 Bc6 32. g4 Bb6 33. Nd6 Be3
34. Kg3 g5 35. fxg5 hxg5 36. Ndxb5 Bf4+ 37. Kf2 Bxe5 38. a4 Bf6 39. a5 Bb7 40.
Nd6 Ba6 41. Nce4 Bd4+ 42. Ke2 f6 43. Ne8 f5 44. Nxg5 fxg4 45. hxg4 Bc8 46. Nc7
e5 47. Nge6 Ba7 48. Nb5 Bg1 49. Kf1 Be3 50. Nec7 Bxg4 51. Nd5 Bh3+ 52. Ke2 Bc5
53. a6 Kf7 54. Nd6+ Ke6 55. Ne4 Kxd5 0-1

[Event "XX C.to Mondiale Seniores"]
[Site "Arco ITA"]
[Date "2010.10.28"]
[Round "3"]
[White "Limberg, Siegfried"]
[Black "Klundt, Klaus"]
[WhiteElo "2139"]
[BlackElo "2355"]
[Result "0-1"]
[PlyCount "82"]
[EventDate "2010.10.26"]

1. d4 Nf6 2. Nf3 g6 3. Bg5 Bg7 4. Nbd2 d5 5. e3 O-O 6. Bd3 Nbd7 7. h3 Re8 8. c4
e5 9. dxe5 Nxe5 10. Nxe5 Rxe5 11. Nf3 Re8 12. O-O c6 13. Qc2 Be6 14. Rfd1 Qa5
15. Bf4 dxc4 16. Bxc4 Bxc4 17. Qxc4 Nd5 18. Rab1 Nxf4 19. exf4 Rad8 20. b4 Qf5
21. g4 Qe6 22. Qxe6 fxe6 23. Kg2 Rd5 24. Ng5 Bf6 25. Ne4 Be7 26. a3 Red8 27.
Nc3 Rxd1 28. Rxd1 Rxd1 29. Nxd1 a5 30. bxa5 Bxa3 31. Ne3 Bd6 32. Kf3 Bc7 33.
Nc4 Kf7 34. Ke4 Ke7 35. f5 exf5+ 36. gxf5 g5 37. Nb6 h5 38. f3 Bxb6 39. axb6
Kf6 40. Kd4 Kxf5 41. Kc5 Ke5 0-1

[Event "XX C.to Mondiale Seniores"]
[Site "Arco ITA"]
[Date "2010.10.28"]
[Round "3"]
[White "Lucena, Lincoln"]
[Black "Garcia, Raimundo"]
[WhiteElo "2129"]
[BlackElo "2331"]
[Result "1/2-1/2"]
[PlyCount "55"]
[EventDate "2010.10.26"]

1. Nf3 Nf6 2. c4 g6 3. Nc3 Bg7 4. e4 d6 5. d4 O-O 6. Be2 c5 7. dxc5 dxc5 8. Be3
b6 9. Qc2 Bb7 10. Rd1 Qc8 11. h3 Nc6 12. O-O Nd7 13. Rfe1 Nde5 14. Nh2 Rd8 15.
f4 Nd4 16. Bxd4 cxd4 17. Nd5 Qc5 18. b4 d3+ 19. bxc5 dxc2 20. Rc1 Nc6 21. cxb6
e6 22. Nc7 Rac8 23. Rxc2 axb6 24. Nb5 Nb4 25. Rcc1 Nxa2 26. Rcd1 Nc3 27. Rd7
Nxb5 28. Bf3 1/2-1/2

[Event "XX C.to Mondiale Seniores"]
[Site "Arco ITA"]
[Date "2010.10.28"]
[Round "3"]
[White "Nordstrom, Felix"]
[Black "Chernikov, Oleg L."]
[WhiteElo "2184"]
[BlackElo "2425"]
[Result "1/2-1/2"]
[PlyCount "44"]
[EventDate "2010.10.26"]

1. d4 Nf6 2. c4 c6 3. Nc3 Qa5 4. e3 e5 5. dxe5 Qxe5 6. Nf3 Qc7 7. Be2 d6 8. Qc2
g6 9. O-O Bg7 10. e4 O-O 11. Bf4 Nh5 12. Be3 f5 13. exf5 Bxf5 14. Qd2 Nf6 15.
Bf4 Ne8 16. c5 Be5 17. Nxe5 dxe5 18. Bc4+ Kh8 19. Bg3 Nf6 20. Rfe1 Nbd7 21. h3
Rae8 22. b4 Be6 1/2-1/2

[Event "XX C.to Mondiale Seniores"]
[Site "Arco ITA"]
[Date "2010.10.28"]
[Round "3"]
[White "Pajcin, Jovan"]
[Black "Poropat, Marijan"]
[WhiteElo "1869"]
[BlackElo "2055"]
[Result "0-1"]
[PlyCount "71"]
[EventDate "2010.10.26"]

1. d4 Nf6 2. Bg5 d5 3. Bxf6 gxf6 4. e3 Bf5 5. c4 dxc4 6. Bxc4 e6 7. Nc3 Bb4 8.
Nge2 Rg8 9. Ng3 Bg6 10. Qa4+ Nc6 11. Bb5 Bxc3+ 12. bxc3 Qd5 13. O-O Kf8 14. f4
Ne7 15. Bc4 Qc6 16. Qxc6 Nxc6 17. e4 f5 18. e5 Kg7 19. Rab1 Rab8 20. Be2 Rgd8
21. Bf3 Na5 22. Rb4 f6 23. exf6+ Kxf6 24. Rfb1 b6 25. Nf1 Be8 26. Ne3 Bc6 27.
Bxc6 Nxc6 28. Rc4 Rd6 29. d5 exd5 30. Nxd5+ Rxd5 31. Rxc6+ Ke7 32. Rxc7+ Rd7
33. Re1+ Kd8 34. Rxd7+ Kxd7 35. Re5 Rf8 36. Kf2 0-1

[Event "XX C.to Mondiale Seniores"]
[Site "Arco ITA"]
[Date "2010.10.28"]
[Round "3"]
[White "Pavlov, Mircea Sergiu"]
[Black "Grinberg, Iosif P."]
[WhiteElo "2362"]
[BlackElo "2217"]
[Result "1/2-1/2"]
[PlyCount "23"]
[EventDate "2010.10.26"]

1. e4 e5 2. Nf3 Nc6 3. Bb5 a6 4. Ba4 Nf6 5. d3 d6 6. c3 Be7 7. Nbd2 O-O 8. Nf1
b5 9. Bb3 d5 10. Qe2 d4 11. Ng3 a5 12. a3 1/2-1/2

[Event "XX C.to Mondiale Seniores"]
[Site "Arco ITA"]
[Date "2010.10.28"]
[Round "3"]
[White "Perich, Stefano"]
[Black "Luebbers, Doris"]
[WhiteElo "1952"]
[BlackElo "1607"]
[Result "1/2-1/2"]
[PlyCount "66"]
[EventDate "2010.10.26"]

1. f4 d5 2. b3 Nf6 3. Nf3 e6 4. Bb2 Be7 5. e3 a6 6. Be2 b5 7. O-O O-O 8. Ne5
Bb7 9. d3 c5 10. Nd2 Nc6 11. Nxc6 Bxc6 12. Qe1 Nd7 13. Rf3 f5 14. Rh3 Bf6 15.
d4 Qe7 16. Nf3 g6 17. Ne5 Bxe5 18. fxe5 Rf7 19. Qg3 Rg7 20. Qe1 a5 21. Bc3 b4
22. Bd2 Rb8 23. a4 Nf8 24. Qf1 Qa7 25. Qf2 Qe7 26. Rf1 Be8 27. Qe1 Rc8 28. Bd1
Rc7 29. Rhf3 Rf7 30. Qe2 Qd7 31. Be1 Qc8 32. h4 h5 33. Rg3 Kh7 1/2-1/2

[Event "XX C.to Mondiale Seniores"]
[Site "Arco ITA"]
[Date "2010.10.28"]
[Round "3"]
[White "Plachetka, Jan"]
[Black "Agzamov, Valery"]
[WhiteElo "2345"]
[BlackElo "2209"]
[Result "0-1"]
[PlyCount "101"]
[EventDate "2010.10.26"]

1. e4 d6 2. d4 Nf6 3. Nc3 g6 4. Be3 Ng4 5. Bg5 h6 6. Bh4 Bg7 7. Qd2 O-O 8. h3
Nf6 9. f4 c5 10. dxc5 dxc5 11. Qxd8 Rxd8 12. Bd3 Nc6 13. O-O-O Nb4 14. Nge2
Nxd3+ 15. cxd3 Kf8 16. g4 b6 17. Rhf1 Ba6 18. Rf3 b5 19. e5 Nd5 20. Nxd5 Rxd5
21. Nc3 Rd4 22. Bf2 Bb7 23. Ne4 Bxe4 24. dxe4 Rxe4 25. Bxc5 Rc4+ 26. Rc3 Rxf4
27. Rd7 Bxe5 28. Rxe7 Bxc3 29. Rxa7+ Kg7 30. Rxa8 Bf6 31. b4 Bc3 32. a3 Bd4 33.
Bf8+ Kf6 34. Bxh6 Be3+ 35. Kc2 Rf2+ 36. Kb3 Bxh6 37. Rb8 Rf3+ 38. Kb2 Ke5 39.
Rxb5+ Kd4 40. h4 f5 41. Rb6 Be3 42. Rxg6 Kc4 43. Rc6+ Kb5 44. Rg6 f4 45. h5
Bd4+ 46. Kc2 Rxa3 47. Rd6 Kc4 48. h6 Ra2+ 49. Kb1 Rh2 50. g5 f3 51. Ra6 0-1

[Event "XX C.to Mondiale Seniores"]
[Site "Arco ITA"]
[Date "2010.10.28"]
[Round "3"]
[White "Prahov, G."]
[Black "Bjorgvik, Jan Arne"]
[WhiteElo "2267"]
[BlackElo "1913"]
[Result "1/2-1/2"]
[PlyCount "46"]
[EventDate "2010.10.26"]

1. c4 e6 2. b3 d5 3. cxd5 exd5 4. Bb2 Nf6 5. Nf3 Be7 6. g3 O-O 7. Bg2 c5 8. O-O
Nc6 9. d4 Ne4 10. e3 Bf6 11. Na3 Qa5 12. Nc2 Rd8 13. Qc1 Bg4 14. Ne5 Be2 15.
Re1 Ba6 16. Nxc6 bxc6 17. Bxe4 dxe4 18. a3 Bc8 19. b4 cxb4 20. Nxb4 Qf5 21. Qc4
Qf3 22. Qe2 Qxe2 23. Rxe2 Bd7 1/2-1/2

[Event "XX C.to Mondiale Seniores"]
[Site "Arco ITA"]
[Date "2010.10.28"]
[Round "3"]
[White "Radomsky, Viacheslav G."]
[Black "Wittmann, Walter"]
[WhiteElo "2166"]
[BlackElo "2303"]
[Result "1/2-1/2"]
[PlyCount "40"]
[EventDate "2010.10.26"]

1. d4 Nf6 2. c4 g6 3. Nf3 Bg7 4. g3 O-O 5. Bg2 d5 6. cxd5 Nxd5 7. O-O Nb6 8.
Nc3 Nc6 9. e3 Re8 10. d5 Na5 11. Nd4 Bd7 12. Nb3 Nxb3 13. Qxb3 c6 14. e4 cxd5
15. exd5 Qc8 16. Re1 Qc4 17. Be3 Qxb3 18. axb3 Nc8 19. Ne4 Nd6 20. Rxa7 Rxa7
1/2-1/2

[Event "XX C.to Mondiale Seniores"]
[Site "Arco ITA"]
[Date "2010.10.28"]
[Round "3"]
[White "Rajkovic, Dusan"]
[Black "Jadrijevic, Ante"]
[WhiteElo "2443"]
[BlackElo "2242"]
[Result "1-0"]
[PlyCount "51"]
[EventDate "2010.10.26"]

1. d4 d5 2. c4 c6 3. Nf3 Nf6 4. Nc3 dxc4 5. a4 e6 6. e4 Bb4 7. Bg5 Bxc3+ 8.
bxc3 Qa5 9. e5 Ne4 10. Bd2 Qd5 11. a5 Nd7 12. Be3 O-O 13. Qa4 b5 14. axb6 Nxb6
15. Qc2 c5 16. Ra5 Bb7 17. Be2 Rfc8 18. O-O h6 19. Rfa1 a6 20. Ne1 Rab8 21. Bf3
Nd7 22. Rb1 f5 23. exf6 Ndxf6 24. Bf4 Ra8 25. Be5 Qd8 26. Rxb7 1-0

[Event "XX C.to Mondiale Seniores"]
[Site "Arco ITA"]
[Date "2010.10.28"]
[Round "3"]
[White "Rosca, Grigore"]
[Black "Damian, Pavel"]
[WhiteElo "1646"]
[BlackElo "1951"]
[Result "0-1"]
[PlyCount "37"]
[EventDate "2010.10.26"]

1. e4 e5 2. f4 exf4 3. Nf3 d5 4. exd5 Nf6 5. d4 Nxd5 6. Ne5 Qh4+ 7. g3 fxg3 8.
Nf3 g2+ 9. Nxh4 gxh1=Q 10. Qe2+ Be7 11. Nf3 Bg4 12. Nbd2 Nc6 13. c3 O-O-O 14.
Qd3 Rde8 15. Kf2 Ne3 16. b3 Nxf1 17. Bb2 Bh4+ 18. Nxh4 Re2+ 19. Qxe2 0-1

[Event "XX C.to Mondiale Seniores"]
[Site "Arco ITA"]
[Date "2010.10.28"]
[Round "3"]
[White "Roth, Peter"]
[Black "Cebalo, Miso"]
[WhiteElo "2260"]
[BlackElo "2493"]
[Result "1/2-1/2"]
[PlyCount "87"]
[EventDate "2010.10.26"]

1. e4 c5 2. Nf3 Nc6 3. b3 d6 4. Bb5 Bd7 5. O-O Nf6 6. Re1 g6 7. Bb2 Bg7 8. c3
O-O 9. Na3 a6 10. Bf1 b5 11. Nc2 e5 12. d4 Re8 13. d5 Ne7 14. g3 Rf8 15. c4 b4
16. Nh4 Ne8 17. f3 a5 18. a3 f5 19. axb4 axb4 20. Rxa8 Qxa8 21. Qa1 Nf6 22.
exf5 g5 23. Ng2 Nxf5 24. Qxa8 Rxa8 25. Ra1 Rxa1 26. Bxa1 Nd4 27. Bxd4 exd4 28.
Bd3 Bh3 29. Nce1 h5 30. Bc2 Bh6 31. Nd3 Kf7 32. Nf2 Bd7 33. Ne4 Nxe4 34. Bxe4
Kf6 35. Kf2 g4 36. f4 Bf5 37. Bxf5 Kxf5 38. Ke2 Ke4 39. Ne1 h4 40. Nd3 h3 41.
Nf2+ Kf5 42. Nd3 Bg7 43. Kd2 Ke4 44. Ke2 1/2-1/2

[Event "XX C.to Mondiale Seniores"]
[Site "Arco ITA"]
[Date "2010.10.28"]
[Round "3"]
[White "Ruckschloss, Karol"]
[Black "Jansa, Vlastimil"]
[WhiteElo "2293"]
[BlackElo "2499"]
[Result "1/2-1/2"]
[PlyCount "145"]
[EventDate "2010.10.26"]

1. c4 g6 2. g3 Bg7 3. Bg2 c5 4. Nc3 Nc6 5. e4 Nf6 6. Nge2 O-O 7. O-O d6 8. d3
Rb8 9. Rb1 Bd7 10. h3 Ne8 11. a3 Nc7 12. b4 cxb4 13. axb4 b5 14. Be3 bxc4 15.
dxc4 Rxb4 16. Rxb4 Nxb4 17. Bxa7 Nca6 18. Nd5 Nxd5 19. cxd5 Nc5 20. Qb1 Qa5 21.
Bxc5 dxc5 22. Rc1 Rc8 23. Qb7 Qb5 24. Qxb5 Bxb5 25. Nc3 Bd3 26. Bf1 c4 27. Na4
Bxf1 28. Kxf1 c3 29. Nb2 Bd4 30. Ke2 Ra8 31. Nd1 Ra2+ 32. Kf3 Kg7 33. Ne3 Rd2
34. Rb1 c2 35. Rc1 h5 36. e5 Bxe3 37. Kxe3 Rxd5 38. Ke4 Rc5 39. Kd4 Rc8 40. Kd3
Rc5 41. Kd4 Rc8 42. Kd3 Kh6 43. f4 g5 44. f5 Rc5 45. Kd4 Rc6 46. Kd3 e6 47.
fxe6 Rxe6 48. Kd4 Rc6 49. g4 Kg6 50. Kd3 hxg4 51. hxg4 f5 52. exf6 Kxf6 53. Kd4
Ke6 54. Re1+ Kd7 55. Rc1 Kd6 56. Ke4 Rc4+ 57. Kf5 Rc5+ 58. Ke4 Kc6 59. Kd4 Kd6
60. Ke4 Ke6 61. Kd4 Rc8 62. Re1+ Kf6 63. Rf1+ Kg6 64. Rc1 Rc7 65. Kd3 Kf6 66.
Kd4 Rd7+ 67. Ke3 Re7+ 68. Kd3 Rc7 69. Kd4 Ra7 70. Rxc2 Ra4+ 71. Ke3 Rxg4 72.
Kf3 Rb4 73. Rc8 1/2-1/2

[Event "XX C.to Mondiale Seniores"]
[Site "Arco ITA"]
[Date "2010.10.28"]
[Round "3"]
[White "Rukavina, Josip"]
[Black "Hammar, Bengt"]
[WhiteElo "2423"]
[BlackElo "2240"]
[Result "1/2-1/2"]
[PlyCount "44"]
[EventDate "2010.10.26"]

1. c4 Nf6 2. g3 e5 3. Bg2 d5 4. cxd5 Nxd5 5. Nf3 Nc6 6. O-O Be7 7. Nc3 Nb6 8.
a3 f5 9. d3 Be6 10. b4 Bf6 11. Qc2 O-O 12. e3 a6 13. Rd1 Qe8 14. Rb1 Rd8 15. b5
axb5 16. Nxb5 Qf7 17. Bd2 Rd7 18. Bc3 Ba2 19. Rb2 Bd5 20. Rbb1 Ba2 21. Rb2 Bd5
22. Rbb1 Ba2 1/2-1/2

[Event "XX C.to Mondiale Seniores"]
[Site "Arco ITA"]
[Date "2010.10.28"]
[Round "3"]
[White "Sawadkuhi, Massoud Amir"]
[Black "Beltrami, Nerio"]
[WhiteElo "2154"]
[BlackElo "1991"]
[Result "1-0"]
[PlyCount "53"]
[EventDate "2010.10.26"]

1. e4 d6 2. d4 Nf6 3. Nc3 g6 4. Nf3 Bg7 5. Be2 O-O 6. O-O c6 7. a4 a5 8. Be3
Na6 9. Nd2 e5 10. Nc4 Nxe4 11. Nxe4 d5 12. dxe5 dxe4 13. Bb6 Qxd1 14. Rfxd1 Be6
15. Nxa5 Bxe5 16. c3 Nc7 17. Nc4 Nd5 18. Bc5 Nf4 19. Nxe5 Nxe2+ 20. Kf1 Nf4 21.
Bxf8 Kxf8 22. Nd7+ Ke7 23. Nc5 Bd5 24. a5 f5 25. b3 Nd3 26. Nxd3 exd3 27. c4
1-0

[Event "XX C.to Mondiale Seniores"]
[Site "Arco ITA"]
[Date "2010.10.28"]
[Round "3"]
[White "Schweiger, Georg"]
[Black "Bapoglu, Ibrahim"]
[WhiteElo "2166"]
[BlackElo "1900"]
[Result "1-0"]
[PlyCount "57"]
[EventDate "2010.10.26"]

1. d4 Nf6 2. Nc3 e6 3. Bg5 d5 4. Nf3 Be7 5. Bxf6 Bxf6 6. e4 dxe4 7. Nxe4 Nd7 8.
Bc4 O-O 9. Qe2 c6 10. O-O-O Qc7 11. Kb1 b5 12. Bd3 Bb7 13. h4 Rab8 14. g4 c5
15. Neg5 Rfe8 16. Bxh7+ Kf8 17. Be4 c4 18. Bxb7 Qxb7 19. Ne4 Be7 20. g5 Bb4 21.
h5 f5 22. gxf6 Nxf6 23. Nxf6 gxf6 24. Nh4 Qh7 25. Ng6+ Kf7 26. Qf3 Be7 27. Ne5+
Kg8 28. Rdg1+ Kf8 29. h6 1-0

[Event "XX C.to Mondiale Seniores"]
[Site "Arco ITA"]
[Date "2010.10.28"]
[Round "3"]
[White "Sevenyuk, Alexey"]
[Black "Cesati Cassin, Giorgio"]
[WhiteElo "1920"]
[BlackElo "1598"]
[Result "1-0"]
[PlyCount "25"]
[EventDate "2010.10.26"]

1. Nf3 Nf6 2. g3 g6 3. Bg2 Bg7 4. d3 O-O 5. O-O d6 6. e4 e5 7. Bg5 h6 8. Bd2
Nc6 9. Nc3 d5 10. exd5 Nxd5 11. Qc1 Kh7 12. Nxd5 Qxd5 13. Ng5+ 1-0

[Event "XX C.to Mondiale Seniores"]
[Site "Arco ITA"]
[Date "2010.10.28"]
[Round "3"]
[White "Simon Padros, Emili"]
[Black "Ermenkov, Evgenij P."]
[WhiteElo "2241"]
[BlackElo "2442"]
[Result "1/2-1/2"]
[PlyCount "149"]
[EventDate "2010.10.26"]

1. e4 c5 2. Nf3 d6 3. d4 cxd4 4. Nxd4 Nf6 5. Nc3 Nc6 6. Bg5 Bd7 7. Qd2 h6 8.
Bxf6 gxf6 9. O-O-O Nxd4 10. Qxd4 Qa5 11. Bc4 Rc8 12. Kb1 Qc5 13. Bb3 Qxd4 14.
Rxd4 Rg8 15. g3 f5 16. Rc4 Rxc4 17. Bxc4 Bg7 18. Re1 Bxc3 19. bxc3 fxe4 20.
Rxe4 Rg5 21. Rh4 Rg6 22. Rf4 f5 23. Bd3 Rf6 24. Rb4 b6 25. Kc1 Kd8 26. Kd2 e5
27. Ke3 Be6 28. a3 Kc7 29. f4 Rg6 30. Be2 Bd5 31. fxe5 dxe5 32. Rh4 Rf6 33. Bd3
Kd6 34. Ra4 a5 35. Rh4 Kc5 36. Ra4 Bf7 37. Rh4 Be6 38. Rh5 Kd6 39. Rh4 Bd5 40.
Ra4 Kc5 41. Rh4 b5 42. Rh5 Be6 43. Bf1 Bd7 44. Rh4 Be6 45. Rh5 Bf7 46. Rh4 Bc4
47. Bxc4 bxc4 48. a4 Kd5 49. Rh5 Kd6 50. Rh4 Kc5 51. Rh5 Kd5 52. Rh4 Rb6 53.
Kd2 Rb1 54. Rxh6 Ke4 55. Rc6 Rh1 56. Rxc4+ Kf3 57. Rh4 Ra1 58. Rh5 Ke4 59. Rh4+
f4 60. gxf4 exf4 61. Rh8 Kf3 62. c4 Rxa4 63. Kd3 Rb4 64. c5 a4 65. c6 Rb6 66.
Rh6 Rb5 67. Kc4 Rb8 68. Rh3+ Kg2 69. Ra3 Rc8 70. Kb5 f3 71. Kxa4 f2 72. c7 f1=Q
73. Kb3 Qb1+ 74. Kc3 Qe1+ 75. Kd4 1/2-1/2

[Event "XX C.to Mondiale Seniores"]
[Site "Arco ITA"]
[Date "2010.10.28"]
[Round "3"]
[White "Strand, Oyvin"]
[Black "Jacobsen, Bo"]
[WhiteElo "1978"]
[BlackElo "2317"]
[Result "0-1"]
[PlyCount "80"]
[EventDate "2010.10.26"]

1. d4 Nf6 2. e3 g6 3. Bd3 Bg7 4. Nf3 O-O 5. O-O c5 6. c3 d5 7. Qe2 Nc6 8. Nbd2
Qd6 9. dxc5 Qxc5 10. e4 a5 11. Nb3 Qb6 12. Be3 Qc7 13. exd5 Nxd5 14. Nfd4 a4
15. Nb5 Qb8 16. N3d4 Nxe3 17. Qxe3 Nxd4 18. Nxd4 Bf6 19. f4 a3 20. b3 e6 21.
Rac1 Bd7 22. Nf3 Rd8 23. Be4 Qc7 24. c4 Be8 25. Rcd1 Rab8 26. Rxd8 Bxd8 27. Ne5
Be7 28. Qf3 Bf6 29. Rd1 Rd8 30. Rd3 Bxe5 31. fxe5 Rxd3 32. Qxd3 Qxe5 33. g3
Qa1+ 34. Qb1 Qd4+ 35. Kg2 b5 36. cxb5 Bxb5 37. Qc2 Kg7 38. Bf3 Qb2 39. Qxb2+
axb2 40. Be4 Bc6 0-1

[Event "XX C.to Mondiale Seniores"]
[Site "Arco ITA"]
[Date "2010.10.28"]
[Round "3"]
[White "Thieme, Hans"]
[Black "Zoltek, Tadeusz"]
[WhiteElo "2112"]
[BlackElo "2194"]
[Result "0-1"]
[PlyCount "56"]
[EventDate "2010.10.26"]

1. e4 e6 2. d4 d5 3. Nc3 Nf6 4. Bg5 dxe4 5. Nxe4 Be7 6. Bxf6 gxf6 7. Nf3 c6 8.
Qd2 b6 9. O-O-O f5 10. Ng3 h5 11. h4 Bb7 12. Be2 Nd7 13. Kb1 Nf6 14. Ne5 Ng4
15. Bf3 Rc8 16. Bxg4 hxg4 17. Qe2 Kf8 18. h5 Bg5 19. Nf1 Qc7 20. f3 gxf3 21.
Nxf3 Bf6 22. Rh3 c5 23. dxc5 Qxc5 24. Ne1 Be4 25. g4 Qe5 26. Nd3 Bxd3 27. Qxe5
Bxc2+ 28. Ka1 Bxe5 0-1

[Event "XX C.to Mondiale Seniores"]
[Site "Arco ITA"]
[Date "2010.10.28"]
[Round "3"]
[White "Timoscenko, Gennadij A."]
[Black "Malmdin, Nils Ake"]
[WhiteElo "2499"]
[BlackElo "2300"]
[Result "1/2-1/2"]
[PlyCount "47"]
[EventDate "2010.10.26"]

1. d4 Nf6 2. c4 e6 3. Nc3 Bb4 4. Qc2 O-O 5. a3 Bxc3+ 6. Qxc3 b5 7. cxb5 c6 8.
Qg3 Ne4 9. Qd3 f5 10. Bf4 Qa5+ 11. b4 Qxb5 12. Qxb5 cxb5 13. f3 Nf6 14. Bd6 Re8
15. e3 a6 16. Bd3 Bb7 17. Ne2 Nc6 18. Kf2 Nd8 19. h3 Nf7 20. Bh2 Rec8 21. Rhc1
Nd5 22. Rh1 Bc6 23. Rac1 Nb6 24. Nf4 1/2-1/2

[Event "XX C.to Mondiale Seniores"]
[Site "Arco ITA"]
[Date "2010.10.28"]
[Round "3"]
[White "Titz, Heimo"]
[Black "Bogdanov, Valentin"]
[WhiteElo "2225"]
[BlackElo "2393"]
[Result "1/2-1/2"]
[PlyCount "99"]
[EventDate "2010.10.26"]

1. c4 e5 2. g3 Nf6 3. Bg2 c6 4. d4 exd4 5. Qxd4 d5 6. Nf3 Be7 7. cxd5 cxd5 8.
O-O Nc6 9. Qa4 O-O 10. Nc3 Qb6 11. Qb5 Qxb5 12. Nxb5 Bf5 13. Bf4 Rfd8 14. Nbd4
Be4 15. Rac1 Nxd4 16. Nxd4 Bxg2 17. Kxg2 Rac8 18. Nf5 Bf8 19. Bg5 Rc6 20. Nd4
Rb6 21. Bxf6 Rxf6 22. Rc2 g6 23. Rfc1 Rb6 24. b3 Bd6 25. e3 Kf8 26. Rd1 Ke7 27.
Rcd2 Bc5 28. Ne2 Rbd6 29. Nf4 d4 30. e4 a6 31. Nd5+ Ke6 32. b4 Ba7 33. Nf4+ Ke7
34. Nd3 Rc6 35. b5 axb5 36. Rb1 Bc5 37. Rxb5 b6 38. f4 Ra8 39. Kf3 Rc7 40. e5
Ke6 41. Ke4 f5+ 42. exf6 Kxf6 43. Kf3 Ra3 44. Rb3 Ra5 45. Re2 Rca7 46. Re5 Rxa2
47. Nxc5 bxc5 48. Rxc5 Rxh2 49. Rd5 Rd2 50. Rc3 1/2-1/2

[Event "XX C.to Mondiale Seniores"]
[Site "Arco ITA"]
[Date "2010.10.28"]
[Round "3"]
[White "Vaisser, Anatoly V."]
[Black "Trois, Francisco R.T."]
[WhiteElo "2507"]
[BlackElo "2309"]
[Result "1-0"]
[PlyCount "75"]
[EventDate "2010.10.26"]

1. d4 Nf6 2. c4 d6 3. Nc3 e5 4. Nf3 Nbd7 5. Bg5 Be7 6. e3 O-O 7. Qc2 c6 8. Bd3
h6 9. h4 Re8 10. dxe5 dxe5 11. Bxf6 Nxf6 12. Nxe5 Bb4 13. Nf3 Qa5 14. Nd4 Bxc3+
15. Qxc3 Qxc3+ 16. bxc3 Bd7 17. Nb3 Re5 18. O-O-O Rae8 19. e4 g5 20. hxg5 hxg5
21. f3 a5 22. g3 a4 23. Nd2 Rc5 24. f4 Ng4 25. Rdf1 f5 26. e5 gxf4 27. gxf4
Nxe5 28. fxe5 Rexe5 29. Rfg1+ Kf8 30. Rh8+ Ke7 31. Rg7+ Kd6 32. Rh6+ Re6 33.
Rxe6+ Kxe6 34. Nf3 b5 35. Nd4+ Kd6 36. Rf7 Re5 37. Nxf5+ Bxf5 38. Rxf5 1-0

[Event "XX C.to Mondiale Seniores"]
[Site "Arco ITA"]
[Date "2010.10.28"]
[Round "3"]
[White "Van Riemsdijk, Herman C."]
[Black "Belliard, Luis"]
[WhiteElo "2390"]
[BlackElo "2218"]
[Result "1-0"]
[PlyCount "119"]
[EventDate "2010.10.26"]

1. e4 c5 2. Nf3 d6 3. d4 cxd4 4. Nxd4 Nf6 5. Nc3 Nc6 6. Bc4 Bd7 7. Bg5 Qa5 8.
Bxf6 gxf6 9. Bb3 a6 10. O-O e6 11. Re1 Be7 12. Re3 Nxd4 13. Qxd4 Qc5 14. Qd2
Bc6 15. Nd5 Bxd5 16. exd5 e5 17. Rc3 Qa7 18. Qh6 Kd8 19. Qg7 Rf8 20. Qxh7 Rc8
21. Rxc8+ Kxc8 22. Rd1 Kb8 23. h4 Qc5 24. c3 Qc8 25. Bc2 Qe8 26. h5 Rg8 27. Rd3
Rh8 28. Qf5 Qc8 29. Rf3 Qxf5 30. Rxf5 Kc7 31. g4 Kd8 32. c4 Ke8 33. Rf3 Kd8 34.
Kg2 Rh6 35. Bd1 Rh7 36. b4 Rh8 37. Rf5 Rh7 38. Kf3 Rh6 39. Ke4 Rh7 40. Rf3 Kc7
41. Rf5 Kd8 42. f4 exf4 43. Rxf4 Rg7 44. Rf5 Rh7 45. Rf3 Rg7 46. Rh3 Rh7 47.
Kf5 Rh6 48. Rc3 Rh8 49. c5 Rg8 50. c6 Rg5+ 51. Kf4 bxc6 52. dxc6 Kc7 53. h6 Bf8
54. Rh3 Rg8 55. Bb3 Rh8 56. h7 Bg7 57. Bxf7 Rb8 58. Bd5 Rxb4+ 59. Kf5 Bh8 60.
Rb3 1-0

[Event "XX C.to Mondiale Seniores"]
[Site "Arco ITA"]
[Date "2010.10.28"]
[Round "3"]
[White "Vanzan, Alessandro"]
[Black "Birkestrand, Odd"]
[WhiteElo "1751"]
[BlackElo "1913"]
[Result "1/2-1/2"]
[PlyCount "60"]
[EventDate "2010.10.26"]

1. c4 Nf6 2. Nc3 c5 3. Nf3 Nc6 4. g3 g6 5. Bg2 Bg7 6. O-O O-O 7. d3 d6 8. Rb1
Rb8 9. Bd2 b6 10. a3 Bb7 11. b4 Ng4 12. bxc5 dxc5 13. Ne4 Nge5 14. Bc3 Nxf3+
15. exf3 Nd4 16. Bb2 Qd7 17. Nc3 Bc6 18. a4 Qb7 19. Ne4 Rfd8 20. Ba3 Qa8 21.
Re1 f5 22. Nd2 e5 23. Bb2 Rd7 24. Bxd4 Rxd4 25. Qb3 Rbd8 26. Bf1 Bxf3 27. Nxf3
Qxf3 28. Re3 Qc6 29. a5 Rb8 30. Qa2 Qc7 1/2-1/2

[Event "XX C.to Mondiale Seniores"]
[Site "Arco ITA"]
[Date "2010.10.28"]
[Round "3"]
[White "Wahlbom, Magnus"]
[Black "Santos, Julio"]
[WhiteElo "2282"]
[BlackElo "2057"]
[Result "1-0"]
[PlyCount "87"]
[EventDate "2010.10.26"]

1. e4 e5 2. Nf3 Nc6 3. Bb5 a6 4. Ba4 Nf6 5. O-O Be7 6. Re1 b5 7. Bb3 d6 8. c3
O-O 9. h3 Nb8 10. d4 Nbd7 11. Nbd2 Re8 12. Bxf7+ Kh8 13. Bxe8 Qxe8 14. Nf1 Bd8
15. Ng3 Nf8 16. dxe5 dxe5 17. a4 Bb7 18. axb5 Qxb5 19. Qa4 Qxa4 20. Rxa4 N6d7
21. Rd1 Bc6 22. Ra5 Bb5 23. Bg5 Bf6 24. b3 Nc5 25. Ra3 Bc6 26. Re1 Nfe6 27.
Bxf6 gxf6 28. Rea1 Bb7 29. b4 Nd7 30. Rd1 Nb6 31. Nh4 Kg7 32. Nhf5+ Kf7 33. f3
Bc6 34. Ne3 Bb5 35. Ngf5 Nf4 36. c4 Bxc4 37. Nxc4 Nxc4 38. Rd7+ Kg8 39. Ra1 Ne6
40. Rc1 Nd6 41. Nxd6 cxd6 42. Rxd6 Nd4 43. Ra1 Rc8 44. Raxa6 1-0

[Event "XX C.to Mondiale Seniores"]
[Site "Arco ITA"]
[Date "2010.10.28"]
[Round "3"]
[White "Zakharchenko, Arnold"]
[Black "Shvedchikov, Anatoli I."]
[WhiteElo "2192"]
[BlackElo "2421"]
[Result "1/2-1/2"]
[PlyCount "42"]
[EventDate "2010.10.26"]

1. d4 Nf6 2. c4 g6 3. Nc3 Bg7 4. e4 d6 5. f3 O-O 6. Be3 Nc6 7. Nge2 e5 8. d5
Na5 9. Ng3 c5 10. a3 Bd7 11. Rc1 Rc8 12. Be2 h5 13. O-O h4 14. Nh1 a6 15. Rb1
Nh5 16. Re1 Nf4 17. Nf2 Nxe2+ 18. Qxe2 Nb3 19. Qd1 Nd4 20. h3 f5 21. b3 b5
1/2-1/2

[Event "XX C.to Mondiale Seniores"]
[Site "Arco ITA"]
[Date "2010.10.28"]
[Round "3"]
[White "Zamora, Aurel"]
[Black "Schowalter, Gerd"]
[WhiteElo "1673"]
[BlackElo "1994"]
[Result "0-1"]
[PlyCount "42"]
[EventDate "2010.10.26"]

1. e4 e6 2. d4 d5 3. Nc3 dxe4 4. Nxe4 Nd7 5. Nf3 Ngf6 6. Bg5 Be7 7. Bd3 h6 8.
Bf4 Nxe4 9. Bxe4 Nf6 10. Bd3 O-O 11. O-O b6 12. Qd2 Bb7 13. Bxh6 Bxf3 14. Bxg7
Qd5 15. Qh6 Qh5 16. Bxf8 Rxf8 17. Qe3 Bd6 18. g3 Ng4 19. Bh7+ Kxh7 20. Qd3+ f5
21. h4 Qxh4 0-1

[Event "XX C.to Mondiale Seniores"]
[Site "Arco ITA"]
[Date "2010.10.29"]
[Round "4"]
[White "Acunzo, Domenico"]
[Black "Zilahi, Gabor"]
[WhiteElo "1802"]
[BlackElo "1946"]
[Result "0-1"]
[PlyCount "64"]
[EventDate "2010.10.26"]

1. e4 c6 2. d4 d5 3. exd5 cxd5 4. c4 Nf6 5. Nc3 e6 6. Nf3 Nc6 7. Bd3 dxc4 8.
Bxc4 Be7 9. O-O O-O 10. Re1 b6 11. Bf4 Na5 12. Bd3 Bb7 13. h3 Rc8 14. Be5 Nc4
15. Qe2 Nxe5 16. dxe5 Nd5 17. Nxd5 Bxd5 18. a3 Rc5 19. Rad1 Qc7 20. Nd2 Rd8 21.
Ne4 Rc6 22. Qh5 Bxe4 23. Bxe4 g6 24. Rxd8+ Bxd8 25. Qd1 Rc5 26. f4 Bh4 27. Rf1
Rc4 28. Bb1 Bg3 29. Qg4 Qc5+ 30. Kh1 Rxf4 31. Qxg3 Rxf1+ 32. Kh2 Qg1# 0-1